| 000 | 00651nam a22001697a 4500 | ||
|---|---|---|---|
| 003 | DO-SdBNP | ||
| 005 | 20220119085944.0 | ||
| 008 | 220119b1982 ||||| |||| 00| 0 spa d | ||
| 040 |
_aDO-SdBNP _bspa _cBNPHU |
||
| 082 |
_axxx _bS678v |
||
| 110 |
_aSociedad Dominicana de Bibliofilos. _934803 |
||
| 245 |
_aVersión en castellano de la conferencia ofrecida por Gustavo A. Tavares E., vice-presidente de la Sociedad Dominicana de Bibliofilos inc. en la... : _bun programa fascinante de publicaciones caribeñas |
||
| 260 |
_aSanto Domingo : _bSociedad Dominicana de Bibliofilos, _c1982 |
||
| 300 |
_a13 p. ; _c23 cm |
||
| 910 | _aD/G | ||
| 942 |
_2ddc _cLBS1 |
||
| 999 |
_c51192 _d51192 |
||